000 00717nam a2200205Ia 4500
005 20260121110022.0
008 008 260114s9999 xx 000 0 hin d
020 _a9788132358893
037 _aEBOOK
040 _aCRL
_bhin
_cCRL
041 _ahin
_2hin
084 _qCRL
100 _aकरण तिवारी / Karan Tiwari
_9941036
245 0 _aकृषि-जैविकी: पादप जीवन तथा पादप पोषण / Krishi-Jeeviki: Paadap Jeevan tatha Paadap Poshan
260 _bभाषा प्रकाशन / Bhasha Prakashan
_c2021
856 _uhttps://bhashaprakashan.com/product-details/382413
942 _cEBOOK
999 _c1532701
_d1532701